000 00959nam a22002057a 4500
999 _c63522
_d63522
003 Ge_BSU
005 20251023152904.0
008 251023s1994 ge ||||| |||| 00| 0 geo d
041 _ageo
080 _a005(042.4) მ-57
100 _aმერლანი, გ.
_926105
245 _aმენეჯმენტის საფუძვლები :
_bლექციების კურსი /
_c გ. მერლანი, ფ. ჩიტიაშვილი, ლ. ჭანტურია; რედ. ვ. ლობჟანიძე.
264 _aთბ. :
_bლამპარი,
_c1994.
300 _a88 გვ. ;
_b20 სმ.
653 _aმენეჯმენტი
700 _aჩიტიაშვილი, ფ.
_eავტორი
_926106
700 _aჭანტურია, ლ.
_eავტორი
_94528
700 _aლობჟანიძე, ვ.
_eრედაქტორი
_926107
942 _2udc
_cᲬᲘᲒᲜᲘ